Essays on the commercialization of Indian agriculture (Record no. 352084)

000 -LEADER
fixed length control field 00383cam a22001217a 4500
008 - FIXED-LENGTH DATA ELEMENTS--GENERAL INFORMATION
fixed length control field 180718b1985 xxu||||| |||| 00| 0 eng d
082 ## - DEWEY DECIMAL CLASSIFICATION NUMBER
Classification number Z46x54 R137
245 ## - TITLE STATEMENT
Title Essays on the commercialization of Indian agriculture
Statement of responsibility, etc. edited by K.N. Raj et. al.
260 ## - PUBLICATION, DISTRIBUTION, ETC.
Place of publication, distribution, etc. Delhi
Name of publisher, distributor, etc. Oxford Uninersity Press
Date of publication, distribution, etc. 1985
300 ## - PHYSICAL DESCRIPTION
Extent 354p.
650 ## - SUBJECT ADDED ENTRY--TOPICAL TERM
Topical term or geographic name entry element Agricultural marketing - India
700 ## - ADDED ENTRY--PERSONAL NAME
Personal name Raj, K.N.
Holdings
Withdrawn status Lost status Damaged status Not for loan Permanent Location Current Location Date acquired Full call number Barcode Date last seen Price effective from Koha item type
        Indian Institute of Public Administration Indian Institute of Public Administration 1993-11-19 Z46x54 R137 61512 2018-07-21 2018-07-21 Book

Powered by Koha